logo

Bir Sreshtho Munshi Abdur Rouf Library
Jhenaidah Cadet College

A Choice of Contemporary Verse From Bangladesh / (Record no. 6954)

MARC details
000 -LEADER
fixed length control field 00603nam a2200229 a 4500
001 - CONTROL NUMBER
JCCL Control Number 6954
003 - CONTROL NUMBER IDENTIFIER
JCCL marc code BD-JhCC
005 - DATE AND TIME OF LATEST TRANSACTION
control field 20180203093359.0
008 - FIXED-LENGTH DATA ELEMENTS--GENERAL INFORMATION
fixed length control field 180203s1986 bg |||| || | 000 0 eng d
035 ## - SYSTEM CONTROL NUMBER
system control number (BD-JhCC)6954
040 ## - CATALOGING SOURCE
Original cataloging agency BD-JhCC
Modifying agency BD-JhCC
041 ## - LANGUAGE CODE
Language code of Book eng
082 ## - DEWEY DECIMAL CLASSIFICATION NUMBER
Classification number 891.441708
Author mark and Year RAS 1986
100 ## - MAIN ENTRY--PERSONAL NAME
Personal name Rahisd, M Harunur
245 ## - TITLE STATEMENT
Title A Choice of Contemporary Verse From Bangladesh /
Statement of responsibility, etc M Harunur Rahisd
260 ## - PUBLICATION, DISTRIBUTION, ETC. (IMPRINT)
Place of publication, distribution, etc Dhaka :
Name of publisher, distributor, etc Bangla Academy,
Date of publication, distribution, etc 1986
300 ## - PHYSICAL DESCRIPTION
Pagination 259 p. :
Dimensions 20 cm.
650 ## - SUBJECT ADDED ENTRY--TOPICAL TERM
Topical term or geographic name as entry element Bengali Poetry
700 ## - ADDED ENTRY--PERSONAL NAME
Personal name Rahisd, M Harunur
942 ## - ADDED ENTRY ELEMENTS (KOHA)
Source of classification or shelving scheme Dewey Decimal Classification
Koha item type Books
Holdings
Source of classification or shelving scheme Damaged status Not for loan Home library Current library Shelving location Date of accession Cost, normal purchase price Total Checkouts Full call number Barcode Date last seen Copy number Koha item type
Dewey Decimal Classification     JCC Rouf Library JCC Rouf Library General Stacks 02/03/2018 100.00   891.441708 RAS 1986 8621 02/03/2018 C-1 Books

JCC Library | Contacts | JCC Home

Last Update on 23 September 2017
Copyright @ 2017-2020 JCC Rouf Library
Rouf Library, Jhenidah Cadet College (JCC), Bangladesh